00529 a2200205 4500260001000000630003800010037001200048650002600060100002000086260002000106245009000126300001100216650003000227260000900257300001000266100000700276037001100283037001100294020001800305 aParis a30 - Sciences sociales en general b2, CIUF a3 - SCIENCES SOCIALES aCrozier, Michel bEd. Seli Arslan aA quoi sert la sociologie des organisations ? Tome 1, Théorie, culture, société a288 p. aOrganisation : sociologie c2000 b22 cm lFr a05/133 a05/134 a2-84276-050-6